Normal view
MARC view
Entry Uniform Title
001 - CONTROL NUMBER
- control field: 7325
003 - CONTROL NUMBER IDENTIFIER
- control field: ARRUPE
005 - DATE AND TIME OF LATEST TRANSACTION
- control field: 20140130130902.0
008 - FIXED-LENGTH DATA ELEMENTS
- fixed length control field: 140130|| aca||aabn | a|a d
040 ## - CATALOGING SOURCE
- Original cataloging agency: ARRUPE
- Transcribing agency: ARRUPE
130 ## - HEADING--UNIFORM TITLE
- Uniform title: Bible NT.
- Name of part/section of a work: Peter
- Form subdivision: Commentaries.
670 ## - SOURCE DATA FOUND
- Source citation: Work cat.: (ARRUPE)0: Harink, Douglas Karel, 1953- 7324, 1 & 2 Peter /, 2009.